Normal view
MARC view
- تأليف الصتعاني، محمد بن اسماعيل الأمير اليمنى؛ محمد عبد العزيز الخولى،صححه وعلق عليه
Entry Personal Name
001 - CONTROL NUMBER
- control field: 41951
003 - CONTROL NUMBER IDENTIFIER
- control field: JO-AjAnu
005 - DATE AND TIME OF LATEST TRANSACTION
- control field: 20230606080950.0
008 - FIXED-LENGTH DATA ELEMENTS
- fixed length control field: 230606|| aca||aabn | a|a d
040 ## - CATALOGING SOURCE
- Original cataloging agency: JO-AjAnu
- Transcribing agency: JO-AjAnu
100 ## - HEADING--PERSONAL NAME
- Personal name: تأليف الصتعاني، محمد بن اسماعيل الأمير اليمنى؛ محمد عبد العزيز الخولى،صححه وعلق عليه
670 ## - SOURCE DATA FOUND
- Source citation: Work cat.: (JO-AjAnu)21495: تأليف الصتعاني، محمد بن اسماعيل الأمير اليمنى؛ محمد عبد العزيز الخولى،صححه وعلق عليه, author, سبل السلام : شرح بلوغ المرام من جمع أدلة الأحكام